Políticas sociales y estrategias habitacionales /
Aproximación a la estructuración del espacio urbano de Buenos Aires, tanto desde la perspectiva de las prácticas sociales de diferentes sujetos para acceder a la vivienda como desde las políticas habitacionales que el Estado argentino ha implementado en la materia.
Salvato in:
| Autore principale: | |
|---|---|
| Altri autori: | , |
| Natura: | Libro |
| Lingua: | spagnolo |
| Pubblicazione: |
Buenos Aires, Argentina :
Espacio,
1995, c1995
|
| Serie: | (Ciencias Sociales Espacio Editorial)
|
| Soggetti: | |
| Tags: |
Nessun Tag, puoi essere il primo ad aggiungerne!!
|
MARC
| LEADER | 00000nam^a2200000^a^4500 | ||
|---|---|---|---|
| 001 | 000120640 | ||
| 005 | 20250521000000.0 | ||
| 009 | 20260526123044.163 | ||
| 020 | |a 968-802-031-8 | ||
| 037 | |a Acervo ITESO - Biblioteca | ||
| 041 | |a ESP | ||
| 082 | |a 363. 5098211 |b GRI | ||
| 100 | |a Grillo, Oscar |e (autor) | ||
| 245 | 1 | 0 | |a Políticas sociales y estrategias habitacionales / |c O. Grillo, M.B. Lacarrieu, L. Raggio. |
| 264 | 4 | |a Buenos Aires, Argentina : |b Espacio, |c 1995, c1995 | |
| 300 | |a 119 p. | ||
| 336 | |a texto |b txt |2 rdacontenido | ||
| 337 | |a sin mediación |b n |2 rdamedio | ||
| 338 | |a volumen |b nc |2 rdasoporte | ||
| 440 | 1 | |a (Ciencias Sociales Espacio Editorial) | |
| 520 | |a Aproximación a la estructuración del espacio urbano de Buenos Aires, tanto desde la perspectiva de las prácticas sociales de diferentes sujetos para acceder a la vivienda como desde las políticas habitacionales que el Estado argentino ha implementado en la materia. | ||
| 649 | |a XX | ||
| 650 | |a Vivienda - |z Buenos Aires, Argentina | ||
| 650 | |a Asentamientos Irregulares - |z Buenos Aires, Argentina | ||
| 650 | |a Problemática Habitacional - |z Buenos Aires, Argentina | ||
| 650 | |a Problemas Sociales - |z Buenos Aires, Argentina | ||
| 650 | |a Política Social - |z Buenos Aires, Argentina | ||
| 650 | |a Política Urbana - |z Buenos Aires, Argentina | ||
| 650 | |a Política Municipal - |z Buenos Aires, Argentina | ||
| 650 | |a Desarrollo Urbano - |z Buenos Aires, Argentina | ||
| 650 | |a Sociología Urbana | ||
| 650 | |a Urbanismo - |z Buenos Aires, Argentina | ||
| 650 | |a Arquitectura Popular - |z Buenos Aires, Argentina | ||
| 700 | |a Lacarrieu, Mónica B. |e (autor) | ||
| 700 | |a Raggio, Liliana |e (autor) | ||
| 910 | |a Fondo General | ||
| 920 | |a Impresos - Libros | ||
| 930 | |a Colección General | ||
| 905 | |a 101 | ||
| 901 | |a 0500055089 |b IT1 |c ACC |u 20250521 | ||
| 901 | |a 0500055772 |b IT1 |c ACC |u 20250521 | ||
| 902 | |a https://opac.biblio.iteso.mx/vufind/Record/000120640 | ||